| 000 | 00788nam a2200253 4500 | ||
|---|---|---|---|
| 999 |
_c9147 _d9147 |
||
| 003 | AR-CdUCM | ||
| 008 | 190327b ||||| |||| 00| 0 spa d | ||
| 040 |
_aMUNICIPALIDAD PROVINCIAL DEL CUSCO _cBIBLIOTECA MUNICIPAL DEL CUSCO |
||
| 082 |
_a869.9608 / _bN29 |
||
| 100 |
_aNavarro, Osvaldo _925180 |
||
| 245 | _aDe Regreso a la Tierra | ||
| 260 |
_aCuba : _bUnion de escritores y artistas de Cuba, _c1974. |
||
| 300 |
_a45 paginas ; _c17 cm. |
||
| 500 | _aDonación de la familia Nieto Dedicado a Luis Nieto | ||
| 650 |
_aPoesia _91598 |
||
| 650 |
_aLiteratura _983 |
||
| 650 |
_aCuba _91821 |
||
| 650 |
_aUniversal _918236 |
||
| 700 |
_aLopez MOrales, Eduardo _925181 |
||
| 700 |
_aSuarez, Adolfo _925182 |
||
| 700 |
_aRivero, Raúl _925183 |
||
| 942 |
_2ddc _cLIBROS |
||
| 945 | _apjha | ||